|
|
|
|
| LEADER |
01047nam a2200253 a 4500 |
| 001 |
2089974 |
| 008 |
100719r20011996njua 001 0 eng d |
| 010 |
|
|
|a 95050099
|
| 020 |
|
|
|a 8172249497
|
| 020 |
|
|
|a 1564142019 (pbk.)
|
| 040 |
|
|
|a DLC
|c DLC
|d DLC
|d DB-DhAAL
|
| 082 |
0 |
0 |
|a 808/.06665
|2 20
|
| 245 |
0 |
0 |
|a 101 great resumes :
|b Unique resumes , creative resumes, but most important, resumes that work! /
|c by Career Press editors.
|
| 246 |
3 |
|
|a One hundred one great resumes
|
| 246 |
3 |
|
|a One hundred and one great resumes
|
| 260 |
|
|
|a Franklin Lakes, NJ :
|b Career Press ;
|a New Delhi :
|b Jaico Publishing House,
|c c1996.[impression 2001]
|
| 300 |
|
|
|a 214 p. :
|b ill. ;
|c 26 cm.
|
| 504 |
|
|
|a Includes index.
|
| 541 |
1 |
|
|e 00013355
|
| 650 |
|
0 |
|a Reþsumeþs (Employment)
|
| 710 |
2 |
|
|a Career Press Inc.
|
| 852 |
4 |
|
|a Ayesha Abed Library
|j General Shelf.
|
| 999 |
|
|
|c 9268
|d 9268
|
| 952 |
|
|
|0 0
|1 0
|2 ddc
|4 0
|6 808_066650000000000_ONE
|7 0
|9 11768
|a BRACUL
|b BRACUL
|c GEN
|d 2010-08-26
|g 182.00
|l 3
|m 10
|o 808.06665 ONE
|p 3010013355
|r 2014-02-25
|s 2014-02-23
|t 1
|w 2010-08-26
|y BK
|